00448nam a22001457a 450000500170000000800410001702000140005804100130007208200120008510000120009724500790010926000560018830000330024465000250027720241002065526.0241002b |||||||| |||| 00| 0 eng d a409005940 aEnglish  a348 SOU lEnglish aThe South African Encyclopaedia of Forms and Precedents / cMP Freemantle  aDurban: bButterworth and Company (Pty) Ltd, c1974 bxxviii, 172 pages; c26 cm.  aLegal practice bLaw